| 000 | 01480nam a2200385 i 4500 | ||
|---|---|---|---|
| 001 | ELB204126 | ||
| 003 | FINmELB | ||
| 005 | 20250326043249.0 | ||
| 006 | m o d | | ||
| 007 | cr cnu|||||||| | ||
| 008 | 211230s2021 mx o 001 0 spa d | ||
| 020 |
_a9786071671875 _q(print) |
||
| 020 |
_a9786071672926 _q(e-book) |
||
| 035 | _a(OCoLC)1342052020 | ||
| 040 |
_aFINmELB _bspa _erda _cFINmELB |
||
| 050 | 4 |
_aD804.348 _bS5623 2021 |
|
| 080 | _a341.485(=411.16) | ||
| 082 | 0 | 4 |
_a940.5318072 _223 |
| 100 | 1 |
_aShulevitz, Uri, _eautor. |
|
| 245 | 1 | 0 |
_aSuerte : _bescape del Holocausto / _cUri Shulevitz; Joaquín Díez-Canedo Flores (traductor). |
| 264 | 1 |
_aMéxico : _bFondo de Cultura Económica, _c2021. |
|
| 300 | _a1 recurso en línea (280 páginas) | ||
| 336 |
_atexto _btxt _2rdacontent/spa |
||
| 337 |
_acomputadora _bc _2rdamedia/spa |
||
| 338 |
_arecurso en línea _bcr _2rdacarrier/spa |
||
| 500 | _aIncluye índice. | ||
| 588 | _aDescripción basada en metadatos suministrados por el editor y otras fuentes. | ||
| 590 | _aRecurso electrónico. Santa Fe, Arg.: elibro, 2021. Disponible vía World Wide Web. El acceso puede estar limitado para las bibliotecas afiliadas a elibro. | ||
| 650 | 0 | _aHolocaust, Jewish (1939-1945) | |
| 650 | 4 | _aHolocausto judío (1939-1945) | |
| 655 | 4 | _aLibros electrónicos. | |
| 700 | 1 |
_aDíez-Canedo Flores, Joaquín, _etraductor. |
|
| 797 | 2 | _aelibro, Corp. | |
| 856 | 4 | 0 | _uhttps://elibro.net/ereader/usam/204126 |
| 999 |
_c143537 _d143537 |
||